Name a Country Where These Mammals Are Found #3 - Statistics

General Stats
  • This quiz has been taken 22 times
  • The average score is 64 of 147
Answer Stats
Picture Hint Answer % Correct
Hippopotamus Botswana | South Africa | Eswatini | Mozambique | Namibia | Angola | Zimbabwe | Malawi | Tanzania | Zambia | Democratic Republic of the Congo | Central African Republic | Republic of the Congo | Burundi | Rwanda | Kenya | Uganda | Ethiopia | Somalia | South Sudan | Cameroon | Gabon | Equatorial Guinea | Chad | Nigeria | Benin | Togo | Ghana | Ivory Coast | Sierra Leone | Burkina Faso | Mali | Senegal | Gambia | Guinea | Niger | Sudan | Guinea-Bissau
100%
Tasmanian Devil Australia
94%
Australian Snubfin Dolphin Australia | Papua New Guinea
94%
Amazon River Dolphin Bolivia | Brazil | Colombia | Ecuador | Venezuela | Peru
88%
Narwhal Canada | Russia | Denmark (Greenland)
88%
North Pacific Right Whale Russia | United States of America | Japan | Mexico
88%
False Killer Whale United States of America | Canada | Mexico | Brazil | Argentina | Chile | Uruguay | Peru | Ecuador | Colombia | Venezuela | Costa Rica | Panama | Nicaragua | Honduras | El Salvador | Belize | Guatemala | Iceland | Ireland | United Kingdom | France | Spain | Portugal | Russia | Denmark | Belgium | Netherlands | Norway | Sweden | Finland | Morocco | Mauritania | Senegal | Gambia | Guinea-Bissau | Guinea | Sierra Leone | Liberia | Togo | Ivory Coast | Ghana | Benin | Cameroon | Nigeria | Equatorial Guinea | Gabon | Republic of the Congo | Democratic Republic of the Congo | Angola | Namibia | South Africa | Mozambique | Tanzania | Kenya | Somalia | Djibouti | Oman | United Arab Emirates | Yemen | India | Iran | Pakistan | Bangladesh | Myanmar | Thailand | Indonesia | Singapore | Malaysia | Brunei | East Timor | Maldives | Australia | Sri Lanka | New Zealand | Papua New Guinea | Vietnam | Cambodia | China | North Korea | South Korea | Japan | Vanuatu | Solomon Islands | Palau | Mauritius | São Tomé and Príncipe | The Bahamas | Cuba | Dominican Republic | Haiti | Jamaica | Saint Vincent and the Grenadines | Taiwan | Philippines | Sweden | Malta | Italy | Cyprus | Turkey | Algeria | Tunisia | Libya | Egypt | Greece | Slovenia | Croatia | Bosnia & Herzegovina | Montenegro | Albania | Israel | Syria | Lebanon | Monaco | Qatar | Kuwait | Bahrain | Germany | Lithuania | Poland | Ukraine | Georgia | Romania | Bulgaria | Finland | Latvia | Estonia | Iraq
88%
Beluga Whale Canada | United States of America | Russia | Denmark (Greenland)
81%
Yangtze Finless Porpoise China
81%
Honduran White Bat Honduras | Nicaragua | Costa Rica | Panama
81%
Common Dolphin United States of America | Canada | Chile | Peru | Ecuador | Colombia | Brazil | Argentina | Uruguay | Suriname | Guyana | Venezuela | Norway | Ireland | United Kingdom | France | Spain | Portugal | Netherlands | Denmark | Belgium | Italy | Malta | Greece | Turkey | Cyprus | Ukraine | Georgia | Israel | Lebanon | Syria | Montenegro | Albania | Bosnia & Herzegovina | Slovenia | Croatia | Libya | Egypt | Tunisia | Algeria | Morocco | Mauritania | Gambia | Senegal | Guinea | Guinea-Bissau | Sierra Leone | Liberia | Ivory Coast | Ghana | Togo | Benin | Gabon | Nigeria | Cameroon | Equatorial Guinea | South Africa | Madagascar | Australia | New Zealand | Jordan | Saudi Arabia | Sudan | Yemen | Djibouti | Eritrea | Oman | Kuwait | Bahrain | Qatar | United Arab Emirates | Iran | India | Pakistan | Sri Lanka | Japan | North Korea | South Korea | Taiwan | China | Cambodia | Vietnam | Thailand | Malaysia | Singapore | Indonesia | Marshall Islands | Iraq
81%
Humpback Whale United States of America | Canada | Mexico | Brazil | Argentina | Chile | Uruguay | Peru | Ecuador | Colombia | Venezuela | Suriname | Guyana | Costa Rica | Panama | Nicaragua | Honduras | El Salvador | Belize | Guatemala | Iceland | Ireland | United Kingdom | France | Spain | Portugal | Russia | Denmark | Belgium | Netherlands | Norway | Sweden | Finland | Morocco | Mauritania | Senegal | Gambia | Guinea-Bissau | Guinea | Sierra Leone | Liberia | Togo | Ivory Coast | Ghana | Benin | Cameroon | Nigeria | Equatorial Guinea | Gabon | Republic of the Congo | Democratic Republic of the Congo | Angola | Namibia | South Africa | Madagascar | Mozambique | Tanzania | Kenya | Somalia | Djibouti | Oman | United Arab Emirates | Yemen | India | Iran | Pakistan | Bangladesh | Myanmar | Thailand | Indonesia | Singapore | Malaysia | Brunei | East Timor | Maldives | Australia | Sri Lanka | New Zealand | Papua New Guinea | Vietnam | Cambodia | China | North Korea | South Korea | Japan | Vanuatu | Kiribati | Fiji | Tuvalu | Solomon Islands | Marshall Islands | Federated States of Micronesia | Tonga | Samoa | Palau | Nauru | Mauritius | Seychelles | Cape Verde | São Tomé & Príncipe | Antigua & Barbuda | The Bahamas | Barbados | Cuba | Dominica | Dominican Republic | Grenada | Haiti | Jamaica | Saint Kitts and Nevis | Saint Lucia | Saint Vincent & the Grenadines | Trinidad & Tobago | Taiwan | Philippines | Turkey | Sweden | Italy (Multiple Island Territories)
81%
Giant Armadillo Brazil | Argentina | Paraguay | Peru | Ecuador | Colombia | Venezuela | Guyana | Suriname | France (French Guiana)
75%
Seven-Banded Armadillo Brazil | Paraguay | Bolivia
75%
Sunda Flying Lemur Indonesia | Malaysia | Brunei | Vietnam | Cambodia | Thailand | Singapore
75%
Blue Whale United States of America | Canada | Mexico | Brazil | Argentina | Chile | Uruguay | Peru | Ecuador | Colombia | Venezuela | Suriname | Guyana | Costa Rica | Panama | Nicaragua | Honduras | El Salvador | Belize | Guatemala | Iceland | Ireland | United Kingdom | France | Spain | Portugal | Russia | Denmark | Belgium | Netherlands | Norway | Sweden | Finland | Morocco | Mauritania | Senegal | Gambia | Guinea-Bissau | Guinea | Sierra Leone | Liberia | Togo | Ivory Coast | Ghana | Benin | Cameroon | Nigeria | Equatorial Guinea | Gabon | Republic of the Congo | Democratic Republic of the Congo | Angola | Namibia | South Africa | Madagascar | Mozambique | Tanzania | Kenya | Somalia | Djibouti | Oman | United Arab Emirates | Yemen | India | Iran | Pakistan | Bangladesh | Myanmar | Thailand | Indonesia | Singapore | Malaysia | Brunei | East Timor | Maldives | Australia | Sri Lanka | New Zealand | Papua New Guinea | Vietnam | Cambodia | China | North Korea | South Korea | Japan | Vanuatu | Kiribati | Fiji | Tuvalu | Solomon Islands | Marshall Islands | Federated States of Micronesia | Tonga | Samoa | Palau | Nauru | Mauritius | Seychelles | Cape Verde | São Tomé & Príncipe | Antigua & Barbuda | The Bahamas | Barbados | Cuba | Dominica | Dominican Republic | Grenada | Haiti | Jamaica | Saint Kitts and Nevis | Saint Lucia | Saint Vincent & the Grenadines | Trinidad & Tobago | Taiwan | Philippines | Italy (Multiple Island Territories)
75%
Gray Whale United States of America | Canada | Mexico | Russia | Japan | North Korea | South Korea
75%
Virginia Opossum United States of America | Mexico | Guatemala | Belize | El Salvador | Costa Rica | Honduras | Nicaragua | Canada
75%
Southern Right Whale Australia | New Zealand | Madagascar | South Africa | Mozambique | Namibia | Comoros | Brazil | Argentina | Uruguay | Chile | United Kingdom (Multiple Island Territories)
69%
Common Vampire Bat Brazil | Argentina | Paraguay | Uruguay | Chile | Peru | Ecuador | Bolivia | Colombia | Venezuela | Suriname | Guyana | Panama | Costa Rica | Nicaragua | Honduras | Belize | El Salvador | Guatemala | Mexico | Trinidad & Tobago | France (French Guiana)
69%
Southern Dog-Faced Bat Brazil | Paraguay | Bolivia | Argentina | Peru | Panama | Colombia | Venezuela | Suriname | Guyana | France (French Guiana)
69%
Egyptian Fruit Bat Egypt | Sudan | Turkey | Yemen | Oman | United Arab Emirates | Iran | Pakistan | Syria | Israel | Lebanon | Togo | Ghana | Ivory Coast | Liberia | Sierra Leone | Nigeria | Ethiopia | Cameron | Equatorial Guinea | Gabon | Republic of the Congo | Democratic Republic of the Congo | Uganda | Kenya | Tanzania | Malawi | Burundi | Rwanda | Angola | Mozambique | South Africa | Lesotho | Zimbabwe
69%
Fijian Monkey-Faced Bat Fiji
69%
Harbour Porpoise Russia | United States of America | Japan | Canada | Iceland | Ireland | United Kingdom | Norway | Denmark | Sweden | Finland | Germany | Poland | Estonia | Latvia | Lithuania | France | Spain | Portugal | Morocco | Mauritania | Senegal | Belgium | Netherlands | Greece | Georgia | Ukraine | Romania | Bulgaria
69%
Sperm Whale United States of America | Canada | Mexico | Brazil | Argentina | Chile | Uruguay | Peru | Ecuador | Colombia | Venezuela | Suriname | Guyana | Costa Rica | Panama | Nicaragua | Honduras | El Salvador | Belize | Guatemala | Iceland | France | Spain | Portugal | Russia | Norway | Sweden | Finland | Morocco | Mauritania | Senegal | Gambia | Guinea-Bissau | Guinea | Sierra Leone | Liberia | Togo | Ivory Coast | Ghana | Benin | Cameroon | Nigeria | Equatorial Guinea | Gabon | Republic of the Congo | Democratic Republic of the Congo | Angola | Namibia | South Africa | Madagascar | Mozambique | Tanzania | Kenya | Somalia | Djibouti | Oman | United Arab Emirates | Yemen | India | Iran | Pakistan | Myanmar | Thailand | Indonesia | Singapore | Malaysia | Brunei | East Timor | Maldives | Australia | Sri Lanka | New Zealand | Papua New Guinea | Vietnam | Cambodia | China | North Korea | South Korea | Japan | Vanuatu | Kiribati | Fiji | Tuvalu | Solomon Islands | Marshall Islands | Federated States of Micronesia | Tonga | Samoa | Palau | Nauru | Mauritius | Seychelles | Cape Verde | São Tomé and Príncipe | Antigua and Barbuda | The Bahamas | Barbados | Cuba | Dominica | Dominican Republic | Grenada | Haiti | Jamaica | Saint Kitts and Nevis | Saint Lucia | Saint Vincent and the Grenadines | Trinidad and Tobago | Taiwan | Philippines | Sweden | Malta | Italy | Cyprus | Turkey | Algeria | Tunisia | Libya | Egypt | Greece | Slovenia | Croatia | Bosnia & Herzegovina | Montenegro | Albania | Israel | Syria | Lebanon | Monaco | Denmark (Greenland) | United Kingdom (Multiple Island Territories)
69%
Orca United States of America | Canada | Mexico | Brazil | Argentina | Chile | Uruguay | Peru | Ecuador | Colombia | Venezuela | Suriname | Guyana | Costa Rica | Panama | Nicaragua | Honduras | El Salvador | Belize | Guatemala | Iceland | Ireland | United Kingdom | France | Spain | Portugal | Russia | Denmark | Belgium | Netherlands | Norway | Sweden | Morocco | Mauritania | Senegal | Gambia | Guinea-Bissau | Guinea | Sierra Leone | Liberia | Togo | Ivory Coast | Ghana | Benin | Cameroon | Nigeria | Equatorial Guinea | Gabon | Republic of the Congo | Democratic Republic of the Congo | Angola | Namibia | South Africa | Madagascar | Mozambique | Tanzania | Kenya | Somalia | Djibouti | Oman | United Arab Emirates | Yemen | India | Iran | Pakistan | Bangladesh | Myanmar | Thailand | Indonesia | Singapore | Malaysia | Brunei | East Timor | Maldives | Australia | Sri Lanka | New Zealand | Papua New Guinea | Vietnam | Cambodia | China | North Korea | South Korea | Japan | Vanuatu | Kiribati | Fiji | Tuvalu | Solomon Islands | Marshall Islands | Federated States of Micronesia | Tonga | Samoa | Palau | Nauru | Mauritius | Seychelles | Cape Verde | São Tomé and Príncipe | Antigua and Barbuda | The Bahamas | Barbados | Cuba | Dominica | Dominican Republic | Grenada | Haiti | Jamaica | Saint Kitts and Nevis | Saint Lucia | Saint Vincent and the Grenadines | Trinidad and Tobago | Taiwan | Philippines | Sweden | Malta | Italy | Cyprus | Turkey | Algeria | Tunisia | Libya | Egypt | Greece | Slovenia | Croatia | Bosnia & Herzegovina | Montenegro | Albania | Israel | Syria | Lebanon | Monaco | Qatar | Kuwait | Bahrain | Germany | Lithuania | Poland | Iraq
69%
Atlantic Spotted Dolphin United States of America | Mexico | Belize | Guatemala | Honduras | Nicaragua | Costa Rica | Panama | Colombia | Venezuela | Guyana | Suriname | Brazil | Uruguay | Spain | France | Algeria | Morocco | Mauritania | Senegal | Gambia | Guinea-Bissau | Guinea | Sierra Leone | Liberia | Ivory Coast | Ghana | Togo | Benin | Nigeria | Cameroon | Equatorial Guinea | Gabon | Republic of the Congo | Angola | Democratic Republic of the Congo | Namibia | Monaco | Cuba | Haiti | Jamaica | The Bahamas | Dominican Republic | Barbados | Trinidad & Tobago | Saint Lucia | Grenada | Saint Kitts & Nevis | Saint Vincent and the Grenadines | Antigua & Barbuda | Dominica | Cape Verde | United Kingdom (Multiple Island Territories) | Portugal (Multiple Island Territories)
69%
Western Quoll Australia
63%
Black Flying Fox Australia | Papua New Guinea | Indonesia
63%
Indo-Pacific Humpback Dolphin Australia | Papua New Guinea | Indonesia | Philippines | Myanmar | Thailand | Singapore | Brunei | Cambodia | Vietnam | China | Taiwan | East Timor
63%
Nine-Banded Armadillo Brazil | Argentina | Uruguay | Paraguay | Bolivia | Ecuador | Peru | Venezuela | Colombia | Suriname | Guyana | Panama | Costa Rica | Nicaragua | Honduras | El Salvador | Belize | Guatemala | Mexico | United States of America | Trinidad & Tobago | France (French Guiana)
63%
Western Mastiff Bat Brazil | Colombia | Peru | Paraguay | Bolivia | Argentina | Mexico | United States of America
63%
Little White-Shouldered Bat Brazil | Colombia | Venezuela | Suriname | Guyana | Trinidad & Tobago | France (French Guiana)
63%
Bowhead Whale Canada | United States of America | Russia | Iceland | Demark (Greenland)
63%
Godman's Long-Tailed Bat Colombia | Venezuela | Suriname | Guyana | Costa Rica | Honduras | Nicaragua | El Salvador | Guatemala | Mexico | France (French Guiana)
63%
Samoa Flying Fox Fiji | Samoa | United States of America (American Samoa)
63%
Common Opossum Brazil | Argentina | Bolivia | Peru | Ecuador | Colombia | Venezuela | Guyana | Suriname | Panama | Costa Rica | Trinidad & Tobago | Honduras | Nicaragua | Belize | El Salvador | Guatemala | Mexico | France (French Guiana)
56%
Cinnamon Dog-Faced Bat Brazil | Paraguay | Bolivia | Argentina | Peru | Ecuador | Colombia | Venezuela | Suriname | Guyana | France (French Guiana)
56%
White-Eared Opossum Brazil | Paraguay | Bolivia | Uruguay | Argentina
56%
Anderson's Four-Eyed Opossum Brazil | Peru | Ecuador | Colombia | Venezuela
56%
Brown Four-Eyed Opossum Brazil | Peru | Paraguay | Colombia | Ecuador | Guyana | Suriname | Venezuela | Panama | Costa Rica | Nicaragua | Mexico | France (French Guiana)
56%
Northern Bottlenose Whale Canada | United States of America | Iceland | Ireland | United Kingdom | Norway | Denmark | Germany | Netherlands
56%
Baiji China
56%
Indo-Pacific Finless Porpoise India | Oman | United Arab Emirates | Bahrain | Qatar | Kuwait | Iraq | Iran | India | Pakistan | Sri Lanka | Myanmar | Bangladesh | Thailand | Cambodia | Vietnam | China | Taiwan | Indonesia | Singapore | Malaysia | Philippines | Brunei
56%
Spectacled Flying Fox Indonesia | Papua New Guinea | Australia
56%
Little Golden-Mantled Flying Fox Philippines | Indonesia
56%
Indo-Pacific Bottlenose Dolphin South Africa | Mozambique | Madagascar | Tanzania | Kenya | Comoros | Somalia | Yemen | Oman | Saudi Arabia | Djibouti | Eritrea | Sudan | Egypt | Jordan | United Arab Emirates | Qatar | Bahrain | Kuwait | Iran | Pakistan | India | Maldives | Sri Lanka | Bangladesh | Myanmar | Thailand | Malaysia | Singapore | Indonesia | Philippines | East Timor | Cambodia | Vietnam | China | Taiwan | Japan | Solomon Islands | Australia | Papa New Guinea | Brunei | Iraq
56%
African Sheath-Tailed Bat South Sudan | Sudan | Eritrea | Djibouti | Somalia | Rwanda | Burundi | Democratic Republic of the Congo | Central African Republic | Nigeria | Togo | Benin | Ghana | Ivory Coast | Guinea | Guinea-Bissau | Angola | Mozambique | Tanzania | Uganda | Kenya | Ethiopia | Madagascar
56%
Fin Whale United States of America | Canada | Mexico | Brazil | Argentina | Chile | Uruguay | Peru | Ecuador | Colombia | Venezuela | Suriname | Guyana | Costa Rica | Panama | Nicaragua | Honduras | El Salvador | Belize | Guatemala | Iceland | Ireland | United Kingdom | France | Spain | Portugal | Russia | Denmark | Belgium | Netherlands | Norway | Sweden | Finland | Morocco | Mauritania | Senegal | Gambia | Guinea-Bissau | Guinea | Sierra Leone | Liberia | Togo | Ivory Coast | Ghana | Benin | Cameroon | Nigeria | Equatorial Guinea | Gabon | Republic of the Congo | Democratic Republic of the Congo | Angola | Namibia | South Africa | Madagascar | Mozambique | Tanzania | Kenya | Somalia | Djibouti | Oman | United Arab Emirates | Yemen | India | Iran | Pakistan | Bangladesh | Myanmar | Thailand | Indonesia | Singapore | Malaysia | Brunei | East Timor | Maldives | Australia | Sri Lanka | New Zealand | Papua New Guinea | Vietnam | Cambodia | China | North Korea | South Korea | Japan | Vanuatu | Kiribati | Fiji | Tuvalu | Solomon Islands | Marshall Islands | Federated States of Micronesia | Tonga | Samoa | Palau | Nauru | Mauritius | Seychelles | Cape Verde | São Tomé and Príncipe | Antigua and Barbuda | The Bahamas | Barbados | Cuba | Dominica | Dominican Republic | Grenada | Haiti | Jamaica | Saint Kitts and Nevis | Saint Lucia | Saint Vincent and the Grenadines | Trinidad and Tobago | Taiwan | Philippines | Sweden | Malta | Italy | Cyprus | Turkey | Algeria | Tunisia | Libya | Egypt | Greece | Slovenia | Croatia | Bosnia & Herzegovina | Montenegro | Albania | Israel | Syria | Lebanon | Monaco | Qatar | Kuwait | Bahrain
56%
Risso's Dolphin United States of America | Canada | Mexico | Chile | Ecuador | Peru | Colombia | Panama | Costa Rica | Nicaragua | Honduras | Guatemala | Belize | El Salvador | Argentina | Uruguay | Brazil | Cuba | Haiti | Dominican Republic | Jamaica | The Bahamas | Saint Kitts & Nevis | St. Vincent & the Grenadines | Antigua & Barbuda | Dominica | Saint Lucia | Grenada | Trinidad & Tobago | Barbados | Norway | Sweden | United Kingdom | Ireland | Germany | Denmark | Netherlands | Belgium | Portugal | Spain | France | Tunisia | Algeria | Morocco | Monaco | Slovenia | Italy | Greece | Turkey | Malta | Cyprus | Croatia | Bosnia & Herzegovina | Montenegro | Albania | Libya | Egypt | Syria | Lebanon | Israel | South Africa | Madagascar | Tanzania | Mozambique | Kenya | Somalia | Eritrea | Djibouti | Jordan | Sudan | Saudi Arabia | Yemen | Oman | Bahrain | Qatar | United Arab Emirates | Kuwait | India | Pakistan | Iran | Sri Lanka | Maldives | Bangladesh | Myanmar | Singapore | Thailand | Malaysia | Indonesia | Philippines | Cambodia | China | Vietnam | Japan | North Korea | South Korea | Australia | New Zealand | Taiwan | Vanuatu | Solomon Islands | Russia | Palau | Federated States of Micronesia | Cape Verde | Iraq
56%
Hoary Bat United States of America | Canada | Mexico | Panama | Guatemala | Venezuela | Colombia | Brazil | Ecuador | Peru | Chile | Uruguay | Paraguay | Bolivia | Argentina
56%
Allen's Big-Eared Bat United States of America | Mexico
56%
Big Hairy Armadillo Argentina | Chile | Paraguay | Bolivia | Brazil
50%
Screaming Hairy Armadillo Argentina | Paraguay | Bolivia | Brazil
50%
Northern Quoll Australia
50%
Ipanema Bat Brazil | Paraguay | Argentina | Bolivia
50%
Water Opossum Colombia | Brazil | Peru | Bolivia | Paraguay | Uruguay | Suriname | Guyana | Venezuela | Argentina | Panama | Costa Rica | Nicaragua | Honduras | El Salvador | Belize | Guatemala | Mexico | Trinidad & Tobago | France (French Guiana)
50%
East African Little Collared Fruit Bat Tanzania | Kenya | Zimbabwe
50%
Eastern Small-Footed Myotis United States of America | Canada
50%
Pallid Bat United States of America | Mexico | Cuba | Canada
50%
Wahlbergs Epauletted Fruit Bat Angola | Democratic Republic of the Congo | Somalia | Tanzania | Mozambique | Malawi | Cameroon | Gabon | Equatorial Guinea | Zambia | Zimbabwe | Eswatini | South Africa
44%
Northern Three-Striped Opossum Brazil
44%
Six-Banded Armadillo Brazil | Argentina | Uruguay | Paraguay | Bolivia | Suriname | France (French Guiana)
44%
Black Mastiff Bat Brazil | Colombia | Venezuela | Guyana | Suriname | Ecuador | Peru | Bolivia | Paraguay | Argentina | Panama | Costa Rica | Honduras | Guatemala | El Salvador | Belize | Mexico | United States of America | Nicaragua | France (French Guiana)
44%
Greater Bulldog Bat Brazil | Peru | Ecuador | Guyana | Suriname | Argentina | Paraguay | Bolivia | Colombia | Venezuela | Panama | Costa Rica | Nicaragua | Honduras | El Salvador | Belize | Guatemala | Mexico | Trinidad & Tobago | Cuba | Jamaica | Dominican Republic | Haiti | Saint Kitts & Nevis | Antigua & Barbuda | Dominica | Barbados | Saint Lucia | Grenada | France (Multiple Territories)
44%
Northern Naked-Tailed Armadillo Colombia | Venezuela | Ecuador | Panama | Costa Rica | Nicaragua | Honduras | El Salvador | Guatemala | Belize | Mexico
44%
Cuban Funnel-Eared Bat Cuba
44%
Sulawesi Stripe-Faced Fruit Bat Indonesia
44%
Speckled Dasyure Indonesia | Papua New Guinea
44%
Big-Eared Flying Fox Indonesia | Papua New Guinea | Australia
44%
Pygmy Hippopotamus Ivory Coast | Liberia | Sierra Leone | Guinea | Nigeria
44%
Mountain Tube-Nosed Fruit Bat Papua New Guinea | Indonesia
44%
Lesser Horseshoe Bat Turkey | Iran | Saudi Arabia | Iraq | Egypt | Syria | Israel | Jordan | Lebanon | Cyprus | Greece | Russia | Georgia | Armenia | Azerbaijan | Uzbekistan | Tajikistan | Kyrgyzstan | Pakistan | Afghanistan | India | China | Kazakhstan | Ukraine | Romania | Bulgaria | Moldova | Hungary | Slovenia | Slovakia | Germany | Poland | Croatia | Bosnia & Herzegovina | Kosovo | Montenegro | Italy | San Marino | Vatican City | France | Andorra | Monaco | Switzerland | Spain | Portugal | Belgium | Luxembourg | Czech Republic | Austria | Serbia | Albania | North Macedonia | Liechtenstein | Ireland | United Kingdom | Morocco | Algeria | Tunisia
44%
Eastern Red Bat United States of America | Canada | Mexico | Cuba | United Kingdom (Bermuda)
44%
Pink Fairy Armadillo Argentina
38%
Grey-Headed Flying Fox Australia
38%
Gray Four-Eyed Opossum Brazil | Bolivia | Peru | Ecuador | Colombia | Venezuela | Suriname | Guyana | Panama | Costa Rica | Nicaragua | Honduras | El Salvador | Belize | Guatemala | Mexico | France (French Guiana)
38%
Northern Ghost Bat Brazil | Colombia | Venezuela | Ecuador | Peru | Guyana | Suriname | Bolivia | Paraguay | Costa Rica | Panama | Nicaragua | Honduras | Belize | El Salvador | Guatemala | Mexico | Trinidad & Tobago | France (French Guiana)
38%
White-Throated Round-Eared Bat Brazil | Paraguay | Peru | Bolivia | Venezuela | Colombia | Ecuador | Guyana | Suriname | Panama | Costa Rica | Nicaragua | Honduras | France (French Guiana)
38%
Hairy-Legged Vampire Bat Brazil | Peru | Ecuador | Colombia | Venezuela | Panama | Costa Rica | Nicaragua | Honduras | El Salvador | Belize | Guatemala | Mexico
38%
Naked-Rumped Tomb Bat India | Pakistan | Iran | Iraq | Lebanon | Israel | Egypt | Sudan | South Sudan | Kenya | Ethiopia | Nigeria | Togo | Ghana | Mali | Burkina Faso | Mauritania | Senegal
38%
Irrawaddy Dolphin Indonesia | Brunei | Malaysia | Philippines | Vietnam | Thailand | Cambodia | Myanmar | India | Bangladesh | Singapore
38%
Large Flying Fox Indonesia | Malaysia | Brunei | Philippines | East Timor | Myanmar | Thailand | Cambodia | Singapore | Vietnam | China
38%
Ryukyu Flying Fox Taiwan | Japan | Philippines
38%
Big Brown Bat United States of America | Canada | Mexico | Guatemala | Honduras | Nicaragua | Costa Rica | Panama | Colombia | Venezuela | Cuba | Haiti | Dominican Republic | Jamaica | The Bahamas
38%
Spotted Bat United States of America | Mexico | Canada
38%
Spectral Bat Venezuela | Colombia | Guyana | Suriname | Brazil | Peru | Ecuador | Bolivia | Paraguay | Panama | Costa Rica | Nicaragua | Honduras | Belize | Guatemala | Mexico | France (French Guiana)
38%
Bushveld Horseshoe Bat Zambia | Malawi | Tanzania | Zimbabwe | Mozambique | Ethiopia | South Sudan | Uganda | Kenya | South Africa | Eswatini | Botswana | Democratic Republic of the Congo | Cameroon | Nigeria
38%
Big Lutrine Opossum Argentina | Uruguay | Brazil | Paraguay | Bolivia | Peru
31%
Kultarr Australia
31%
Crest-Tailed Mulgara Australia
31%
Dibbler Australia
31%
Little Red Flying Fox Australia | Papua New Guinea
31%
Parnell's Mustached Bat Brazil | Bolivia | Ecuador | Peru | Colombia | Venezuela | Guyana | Suriname | Panama | Costa Rica | Mexico | Guatemala | Nicaragua | Belize | El Salvador | Honduras | Trinidad & Tobago | France (French Guiana)
31%
Big-Eared Opossum Brazil | Paraguay | Argentina
31%
Kalinowsk's Mouse Opossum Brazil | Peru | Bolivia | Colombia | Guyana | Suriname | France (French Guiana)
31%
Bare-Tailed Woolly Opossum Brazil | Venezuela | Suriname | Guyana | Paraguay | Bolivia | France (French Guiana)
31%
Chiriquinan Serotine Colombia | Venezuela | Ecuador | Brazil | Guyana | Suriname | Peru | Bolivia | Panama | Costa Rica | France (French Guiana)
31%
Hammer-Headed Bat Democratic Republic of the Congo | Angola | Togo | Benin | Ghana | Ivory Coast | Burkina Faso | Sierra Leone | Liberia | Guinea-Bissau | Guinea | Nigeria | Cameroon | Uganda | Ethiopia | Republic of the Congo | Central African Republic | South Sudan | Gabon | Equatorial Guinea
31%
Pied Butterfly Bat Democratic Republic of the Congo | South Sudan | Central African Republic | Ghana | Ivory Coast | Guinea
31%
Common Tube-Nosed Fruit Bat Indonesia | Papua New Guinea | Solomon Islands | Australia | Philippines
31%
Wrinkle-Lipped Free-Tailed Bat Indonesia | Thailand | Malaysia | Singapore | Brunei | Philippines | India | Sri Lanka | China | Cambodia | Laos | Australia (Cocos (Keeling) Islands)
31%
Vaquita Mexico
31%
Welwitsch's Bat Mozambique | Tanzania | Zambia | Zimbabwe | Angola | South Africa | Eswatini | Lesotho | Democratic Republic of the Congo | Rwanda | Burundi | Uganda | Kenya | Ethiopia | South Sudan | Malawi | Guinea
31%
Atacama Myotis Peru | Chile
31%
Bushy-Tailed Opossum Peru | Ecuador | Bolivia | Brazil
31%
Smithers's Horseshoe Bat South Africa | Zimbabwe
31%
Long-Tongued Fruit Bat Thailand | Myanmar | Cambodia | Laos | Vietnam | Malaysia | Indonesia | Singapore | India | Bangladesh
31%
Llanos Long-Nosed Armadillo Venezuela | Colombia
31%
Trident Bat Algeria | Chad | Niger | Libya | Egypt | Sudan | South Sudan | Eritrea | Somalia | Djibouti | Ethiopia | Mali | Mauritania | Morocco | Gambia | Senegal | Burkina Faso | Israel | Jordan | Lebanon | Saudi Arabia | Oman | Yemen | Bahrain | Qatar | United Arab Emirates | Iraq | Kuwait | Iran | Pakistan | Afghanistan | Turkey
25%
Commerson's Dolphin Argentina | Chile | France (Kerguelen Islands)
25%
Pygmy Round-Eared Bat Brazil | Peru | Paraguay | Bolivia | Ecuador | Colombia | Venezuela | Guyana | Suriname | Trinidad & Tobago | Panama | Costa Rica | Nicaragua | Honduras | Belize | Guatemala | Mexico | France (French Guiana)
25%
Spectacled Porpoise Brazil | Uruguay | Argentina | Chile | New Zealand | Australia | United Kingdom (Multiple Island Territories)
25%
Rufous Horseshoe Bat India | Sri Lanka | Nepal | China | Myanmar
25%
Diadem Leaf-Nosed Bat Indonesia | Malaysia | Brunei | Thailand | Myanmar | Laos | Cambodia | Vietnam | Philippines | Singapore | East Timor | Australia | Papua New Guinea | Solomon Islands
25%
Banana Bat Mexico
25%
Hector's Dolphin New Zealand
25%
Hourglass Dolphin Argentina | Chile
19%
Greater Fairy Armadillo Argentina | Paraguay | Bolivia
19%
Paucident Planigale Australia
19%
Little Collared Fruit Bat Democratic Republic of the Congo | Angola | Uganda | South Sudan | Equatorial Guinea | Gabon | Cameroon | Benin | Togo | Ghana | Ivory Coast | Guinea | Sierra Leone | Liberia | Nigeria | Central African Republic | Republic of the Congo
19%
Sundevall's Roundleaf Bat Ethiopia | Eritrea | Yemen | Saudi Arabia | Sudan | South Sudan | Kenya | Uganda | Burundi | Rwanda | Tanzania | Democratic Republic of the Congo | Gabon | Republic of the Congo | Equatorial Guinea | Cameroon | Benin | Togo | Nigeria | Ghana | Burkina Faso | Mali | Gambia | Senegal | Guinea | Sierra Leone | Liberia | Guinea-Bissau | Morocco | Namibia | Angola | Zambia | Zimbabwe | Botswana | South Africa | Eswatini | Malawi | Somalia
19%
Alcathoe Bat France | Spain | Portugal | Germany | Poland | United Kingdom | Ukraine | Romania | Bulgaria | Turkey | Greece | Italy | Croatia | Czech Republic | Austria | Hungary | Bosnia & Herzegovina | Montenegro | Slovakia | Belgium | Switzerland | Sweden | Slovenia | Russia | Georgia | Luxembourg
19%
Peters's Wrinkle-Lipped Bat Madagascar
19%
Mauritanian Flying Fox Mauritius | France (La Réunion)
19%
Sowell's Short-Tailed Bat Mexico | Guatemala | El Salvador | Belize | Honduras | Nicaragua | Costa Rica
19%
Wrinkle-Faced Bat Mexico | Guatemala | Honduras | Nicaragua | Belize | El Salvador | Panama | Costa Rica | Trinidad & Tobago | Venezuela | Colombia
19%
Heart-Nosed Bat Mozambique | Ethiopia | South Sudan | Sudan | Uganda | Kenya | Djibouti | Eritrea | Tanzania
19%
Bismarck Masked Flying Fox Papua New Guinea
19%
Guadalcanal Monkey-Faced Bat Solomon Islands
19%
Percival's Trident Bat Zimbabwe | South Africa | Eswatini | Botswana | Democratic Republic of the Congo | Mozambique | Kenya
19%
Livingstones Fruit Bat Comoros
13%
Tube-Lipped Nectar Bat Ecuador | Peru
13%
Hills' Horseshoe Bat Guinea | Cameroon | Liberia | Nigeria | Uganda
13%
Keast's Tube-Nosed Fruit Bat Indonesia | East Timor
13%
Kitti's Hog-Nosed Bat Myanmar | Thailand
13%
Greater Noctule Bat Russia | Ukraine | Georgia | Azerbaijan | Armenia | Libya | Italy | Morocco | Portugal | Spain | France | Monaco | Greece | Switzerland | Austria | Slovenia | Croatia | Bulgaria | Romania | Serbia | North Macedonia | Belarus | Poland | Czech Republic | Slovakia | Hungary
13%
Maendeleo Horseshoe Bat Tanzania
13%
Griffin's Leaf-Nosed Bat Vietnam
13%
Elegant Fat-Tailed Mouse Opossum Chile
6%
Cinnamon Red Bat Chile | Argentina
6%
Rodrigues Flying Fox Mauritius (Rodrigues)
6%
Felten's Myotis Morocco | Algeria | Tunisia | Libya | France | Italy | Malta
6%
Fea's Tube-Nosed Bat Vietnam | Thailand | Myanmar | Laos | Cambodia
6%
Little Goblin Bat Cuba
0%
Joffre's Bat Myanmar
0%
Mariana Fruit Bat United States of America (Northern Mariana Islands & Guam)
0%
No matching quizzes found
Score Distribution
Percent of People with Each Score
Percentile by Number Answered
Your Score History
You have not taken this quiz